Countries that were in the 1958 FIFA World Cup - Statistics

General Stats
  • This quiz has been taken 31 times
  • The average score is 16 of 16
Answer Stats
Picture Answer % Correct
Argentina
100%
Austria
100%
Brazil
100%
England
100%
France
100%
Hungary
100%
Mexico
100%
Scotland
100%
Soviet Union
100%
Sweden
100%
West Germany
100%
Czechoslovakia
93%
Paraguay
93%
Wales
93%
Yugoslavia
89%
Northern Ireland
86%
No matching quizzes found
Score Distribution
Percent of People with Each Score
Percentile by Number Answered
Your Score History
You have not taken this quiz